=LDR 00000nam 2200000 4500 =001 INLIS000000000046857 =005 20210415014728 =035 ##$$a 0010-051500000000116 =008 210415################g##########0#ind## =020 ##$$a 978-979-22-8211-5 =040 ##$$a NPBDMAT =082 ##$$a 351.003 5 =090 ##$$a 351.003 5 $b Mer m =245 ##$$a Merajut warisan budayaku : $b Kumpulan pidato ibu negara RI 2010 /$c Editor, Yulia Ekayanti =260 ##$$a Jakarta :$b Gramdia,$c 2013 =300 ##$$a 539 hlm. : $b ilus. ; $c 21 x 15 cm. =650 #4$$a Presiden-Ibu Negara-Pidato dsb =700 #$$a Yulia Ekayanti =084 ##$$a 351.003 5 MER m =990 ##$$a 31500337